00333nam a2200133Ia 4500003000400000005001700004008004000021040000700061041000800068082001200076100002100088245004200109260004800151OSt20240326123444.0210210b1933 xxu||||| |||| 00| 0 eng d cAL aeng a954/323 aPRASAD (Ishwari) aShort history of Muslim rule in India aAllahabadbThe Indian Press Pvt Ltd.,c1933